Understanding end times prophecy: a comprehensive approach / (Record no. 74687)

MARC details
000 -LEADER
fixed length control field 01668nam a22002417a 4500
003 - CONTROL NUMBER IDENTIFIER
control field PILC
005 - DATE AND TIME OF LATEST TRANSACTION
control field 20240321155940.0
008 - FIXED-LENGTH DATA ELEMENTS--GENERAL INFORMATION
fixed length control field 240321b |||||||| |||| 00| 0 eng d
010 ## - LIBRARY OF CONGRESS CONTROL NUMBER
LC control number Acc#48630
020 ## - INTERNATIONAL STANDARD BOOK NUMBER
International Standard Book Number 9780802490797
040 ## - CATALOGING SOURCE
Transcribing agency Philippine Baptist Theological Seminary
050 ## - LIBRARY OF CONGRESS CALL NUMBER
Classification number BT 821.3
Item number B46 2006
100 ## - MAIN ENTRY--PERSONAL NAME
Personal name Benware, Paul N.
Relator term Author
245 ## - TITLE STATEMENT
Title Understanding end times prophecy: a comprehensive approach /
250 ## - EDITION STATEMENT
Edition statement Revised and expanded.
264 ## - PRODUCTION, PUBLICATION, DISTRIBUTION, MANUFACTURE, AND COPYRIGHT NOTICE
Place of production, publication, distribution, manufacture Chicago, U.S.A. :
Name of producer, publisher, distributor, manufacturer Moody Publishers,
Date of production, publication, distribution, manufacture, or copyright notice ©2006.
300 ## - PHYSICAL DESCRIPTION
Extent 421 pages ;
Dimensions 23 cm.
504 ## - BIBLIOGRAPHY, ETC. NOTE
Bibliography, etc Includes bibliographical references and indexes.
505 ## - FORMATTED CONTENTS NOTE
Formatted contents note Part 1: Understanding the basics of bible prophecy<br/>Interpreting bible prophecy -- The Abrahamic covenant -- The Palestinian, Davidic, and New covenants -- <br/><br/>Part 2: Understanding the major views of Bible prophecy<br/>Dispensational theology and covenant theology -- The view of premillennialism -- The church and the nation of Israel -- The view of Amillennialism -- The view of postmillennialism -- The view of Preterism -- The kingdom of God -- An overview of future events --<br/><br/>Part 3: Understanding the coming prophetic events <br/>The pretribulational rapture view -- The post tribulational rapture view -- Other rapture views: partial rapture, Midtribulational rapture, Pre-wrath rapture -- Daniel's seventieth week (the tribulation period) -- The coming judgments and resurrections -- The future kingdom of God --<br/><br/>Part 4: Understanding the future of the individual <br/>death and the intermediate state -- The final eternal state --
650 ## - SUBJECT ADDED ENTRY--TOPICAL TERM
Topical term or geographic name as entry element Eschatology
700 ## - ADDED ENTRY--PERSONAL NAME
Personal name Foreword by Charles Ryrie
942 ## - ADDED ENTRY ELEMENTS (KOHA)
Source of classification or shelving scheme Library of Congress Classification
Koha item type Circulation Books
Holdings
Withdrawn status Lost status Source of classification or shelving scheme Damaged status Not for loan Home library Current library Shelving location Date acquired Source of acquisition Total Checkouts Full call number Barcode Date last seen Price effective from Koha item type Public note
    Library of Congress Classification     PBTS Library PBTS Library Circulation Section 03/21/2024 Gift   BT 821.3 B46 2006 48630 03/17/2026 03/21/2024 Circulation Books Catalogued by MK

Philippine Baptist Theological Seminary | 19 Tacay Road, Central Guisad, Baguio City 2600, Philippines